000 00844nam a22003017a 4500
001 BR7310326
003 BR-BrBNA
005 20230928084202.0
007 ta
008 230509b bl.||||| |||| 00| 0 por d
040 _aBR-BrBNA
_bpor
_cBiblioteca Nacional de Agricultura
041 _a(Por)
072 _aE70
_b9700
_b5212
_b/G514
090 _ 9700 BR7310326
110 1 _aConselho Nacional de Desenvolvimento da Pecuaria, Rio de Janeiro, RJ (Brasil)
_92677
245 1 _aEstudo. Mercado nacional de carne e produtos derivados [Brasil]
_bv. 1-2
260 3 _aRio de Janeiro, RJ (Brasil):
_c1973.
300 _a333 p.
500 _a60 tables
650 _aCARNE
650 _aBOVINO
650 _aOFERTA
650 _aDEMANDA
650 _aCONSUMO
650 _aMERCADO
909 _a202309
_bLucia
_c55
_dLucia Elande
942 _cBK
999 _c17354
_d17354